Llwytho...
മറുപിറവി
| Prif Awdur: | |
|---|---|
| Fformat: | Printed Book |
| Cyhoeddwyd: |
Kottayam
DC Books
2011
|
| Pynciau: |
| LEADER | 00529nam a22001697a 4500 | ||
|---|---|---|---|
| 003 | OSt | ||
| 020 | |a 9788126430727 | ||
| 082 | |a 813.1 |b SET/MA | ||
| 100 | |a Sethu | ||
| 245 | |a മറുപിറവി | ||
| 260 | |a Kottayam |b DC Books |c 2011 | ||
| 300 | |a 374 pages; | ||
| 500 | |a Marupiravi | ||
| 650 | |a Malayalam novel | ||
| 942 | |2 ddc |c BK | ||
| 999 | |c 139641 |d 139641 | ||
| 952 | |0 0 |1 0 |2 ddc |4 0 |6 813_100000000000000_SETMA |7 0 |9 139087 |a KAUCLV |b KAUCLV |c GENERAL |d 2014-07-07 |g 200.00 |l 4 |m 1 |o 813.1 SET/MA |p 223650 |r 2018-09-04 |s 2018-07-25 |w 2014-07-07 |y BK | ||